Datum a čas kvízu

40.5 Celkem bodů Celkový počet nahraných bodů na tomto kvízu bez doplňovacích otázek.
1. Pořadí na kvízu Konečné umístění týmu na tomto kvízu.

Zaznamenané odpovědi

# Otázka Odpověď Body Výsledky
1. Která postava má svou sněhovou... Krakonoš 1
2. Minulý týden jsme se dozvěděli... C 0
3. Minulý týden potvrdili konec s... David Prachař; Linda Rybová 0
4. Na technologickém veletrhu CES... Tamagoči 1
5. Minulý týden proběhl nejdražší... Matyáš Vojta 1
6. Frank Lloyd Wright bývá označo... Guggenheimovo muzeum 0
7. Seřaďte uvedené události od té... 1A 2B 3D 4C 1
8. Jak si říká tento americký zpě... Lenny Kravitz; New York City 0
9. Turisté v NYC míří nejen do di... 1B 2A 3C 4D 1
10. Jak se jmenuje fiktivní město,... Gotham (City); Bronx 0